|
|
|
|
| LEADER |
01392nam a22002777a 4500 |
| 001 |
35415 |
| 003 |
BD-DhAAL |
| 005 |
20250622151958.0 |
| 008 |
211027t2002 bg ||||| |||| 001 0 ben d |
| 020 |
|
|
|a 9840502522
|
| 040 |
|
|
|a BD-DhAAL
|d BD-DhAAL
|
| 041 |
|
|
|a ben
|
| 082 |
|
|
|a 342.549207
|2 22
|
| 100 |
|
|
|a মুহিত, আবুল মাল আবদুল.
|9 42257
|
| 245 |
|
|
|a জেলায় জেলায় সরকার :
|b স্থানীয় সরকার আইনসমুহের একটি পর্যালোচনা /
|c আবুল মাল আবদুল মুহিত.
|
| 246 |
|
|
|a Zelay zelay sarkar (Government for districts )
|
| 260 |
|
|
|a ঢাকা :
|b ইউনিভার্সিটি প্রেস লিমিটেড,
|c ২০০২.
|
| 300 |
|
|
|a ২৫৯ পৃষ্ঠা ;
|c ২২ সে.মি.
|
| 504 |
|
|
|a নির্ঘন্ট অন্তর্গত
|
| 526 |
|
|
|a BIED
|
| 541 |
|
|
|a Complimentary copy from BIED
|e 35415
|
| 650 |
|
|
|a Local government
|x Law and legislation
|z Bangladesh.
|9 42256
|
| 852 |
|
|
|a Ayesha Abed Library
|c BIED Collection
|
| 942 |
|
|
|2 ddc
|c BK
|
| 999 |
|
|
|c 43283
|d 43283
|
| 952 |
|
|
|0 0
|1 0
|2 ddc
|4 0
|6 342_549207000000000_MUH
|7 0
|9 69435
|a BRACUL
|b BRACUL
|c GEN
|d 2021-10-27
|e Complimentary copy from BIED
|l 0
|o 342.549207 MUH
|p 3010035415
|r 2021-10-27
|t 1
|w 2021-10-27
|y BK
|x Transferred from BIED to General Stacks
|